The Soldiers Creed - Statistics

General Stats
  • This quiz has been taken 212 times
  • The average score is 46 of 121
Answer Stats
Answer % Correct
I
100%
am
98%
an
90%
American
85%
Soldier
85%
I
83%
a
80%
am
80%
and
73%
a
70%
a
70%
I
70%
of
70%
warrior
70%
member
68%
team
68%
the
58%
and
55%
of
55%
States
55%
the
55%
the
55%
United
55%
Army
53%
live
53%
people
53%
serve
53%
I
50%
values
50%
will
50%
I
48%
I
48%
the
48%
will
48%
will
48%
accept
45%
always
45%
am
45%
defeat
45%
first
45%
I
45%
mission
45%
never
45%
never
45%
place
45%
a
43%
I
43%
quit
43%
will
43%
and
40%
comrade
40%
fallen
40%
leave
40%
never
40%
and
38%
and
38%
disciplined
38%
mentally
38%
physically
38%
tough
38%
I
35%
my
35%
warrior
35%
drills
33%
in
33%
proficient
33%
tasks
33%
trained
33%
and
30%
always
28%
am
28%
am
28%
an
28%
and
28%
I
28%
I
28%
my
28%
my
28%
a
25%
arms
25%
equipment
25%
expert
25%
I
25%
maintain
25%
myself
25%
American
23%
an
23%
and
23%
Soldier.
23%
am
20%
I
20%
professional
20%
to
20%
deploy
18%
engage
18%
of
18%
ready
18%
stand
18%
States
18%
the
18%
the
18%
United
18%
America
15%
destroy
15%
of
15%
a
13%
am
13%
American
13%
and
13%
enemies
13%
I
13%
life
13%
of
13%
of
13%
the
13%
freedom
10%
guardian
10%
way
10%
close
8%
combat
8%
in
8%
No matching quizzes found
Score Distribution
Percent of People with Each Score
Percentile by Number Answered
Your Score History
You have not taken this quiz